000 00566nam a2200181 a 4500
001 000028038
003 OSt
005 20201123081801.0
008 110406s20uu dr ac r 000 0 spa d
040 _aDO-SdBNP
_bspa
_cBNPHU
082 _axxxx
_bxxxx
245 0 0 _aHacia el techo del Caribe :
_bCaminatas al Pico Duarte /
_cprólogo Bolivar Troncoso Morales.
260 _a[Santo Domingo] :
_bMarítima Dominicana,
_c[200?].
300 _a48 p. ;
_c22 cm.
590 _aInventariado, 2019/BT
700 1 _aTroncoso Morales, Bolivar,
_epról.
_910922
942 _2ddc
_cLF2
999 _c27530
_d27530